TWAS newsletter: scaling the heights of science : the newsletter of the world academy of sciences. 2017-Volume 29- No4. (Record no. 60517)

MARC details
000 -LEADER
fixed length control field 00802nam a2200157 a 4500
008 - FIXED-LENGTH DATA ELEMENTS--GENERAL INFORMATION
fixed length control field 210413s2017 xx |||||||||||||| || u
050 ## - LIBRARY OF CONGRESS CALL NUMBER
Classification number TWAS(05)NL/2017/29/4
110 ## - MAIN ENTRY--CORPORATE NAME
Corporate name or jurisdiction name as entry element The World Academy of Sciences (TWAS)
245 10 - TITLE STATEMENT
Title TWAS newsletter: scaling the heights of science : the newsletter of the world academy of sciences. 2017-Volume 29- No4.
Statement of responsibility, etc. By The World of Academy of Sciences(TWAS)
260 ## - PUBLICATION, DISTRIBUTION, ETC.
Place of publication, distribution, etc.
Name of publisher, distributor, etc. The World Academy of Sciences (TWAS)
Date of publication, distribution, etc. 2017
300 ## - PHYSICAL DESCRIPTION
Extent 24 pages : illustrations
650 ## - SUBJECT ADDED ENTRY--TOPICAL TERM
Topical term or geographic name entry element RESEARCH--KUWAIT--PERIODICALS
650 ## - SUBJECT ADDED ENTRY--TOPICAL TERM
Topical term or geographic name entry element SCIENCE AND TECHNOLOGY--PERIODICALS
650 ## - SUBJECT ADDED ENTRY--TOPICAL TERM
Topical term or geographic name entry element SCIENCE--DEVELOPMENT COOPERATION--DEVELOPING COUNTRIES
995 ## - RECOMMENDATION 995 [LOCAL, UNIMARC FRANCE]
-- CBU-MAIN LIBRARY (Kitwe)
-- 1
-- AVAILABLE
-- Sep 15, 2021
-- International Publications
Holdings
Withdrawn status Lost status Source of classification or shelving scheme Damaged status Not for loan Home library Current library Shelving location Date acquired Total Checkouts Full call number Barcode Date last seen Price effective from Koha item type
          CBU-MAIN LIBRARY, KITWE. CBU-MAIN LIBRARY, KITWE.   11/30/2022   TWAS(05)NL/2017/29/4 B4530 11/30/2022 11/30/2022 MONOGRAPH